Maze - level easy #1 - Statistics

General Stats
  • This quiz has been taken 892 times
  • The average score is 45 of 59
Answers on the Map
Answers color-coded by a green-red scale on the quiz's map according to % correct below.
 
Answer Stats
Answer % Correct
s
97%
d
94%
d
93%
s
92%
s
92%
s
92%
d
91%
w
90%
w
90%
d
89%
d
88%
d
88%
s
88%
a
87%
a
87%
s
86%
d
85%
d
85%
s
85%
a
84%
a
84%
s
83%
s
83%
d
82%
d
82%
d
81%
s
81%
a
80%
s
80%
s
79%
s
78%
a
77%
w
72%
w
71%
w
70%
a
69%
a
69%
a
67%
w
67%
a
66%
w
66%
d
65%
s
65%
s
65%
a
64%
s
64%
a
63%
s
63%
a
62%
s
62%
s
62%
s
62%
a
61%
s
61%
d
60%
s
60%
w
59%
d
58%
s
58%
No matching quizzes found
Score Distribution
Percent of People with Each Score
Percentile by Number Answered
Your Score History
You have not taken this quiz